000 00217 a2200109 4500
001 50761
040 _cAnchieta - Pituba
240 1 0 _aSUBSTITUIR
_l
245 1 0 _aSUBSTITUIR
650 4 _aLĂ­ngua Portuguesa
942 _cMU
999 _c50761
_d50761